| 000 | 00551nam a2200217 a 4500 | ||
|---|---|---|---|
| 999 |
_c4253 _d4253 |
||
| 001 | 4253 | ||
| 003 | BD-JhCC | ||
| 005 | 20180128121120.0 | ||
| 008 | 171125s19251962e a|||| || | 000 0 eng d | ||
| 035 | _a(BD-JhCC)4253 | ||
| 040 |
_aBD-JhCC _dBD-JhCC |
||
| 041 | _aeng | ||
| 082 |
_a822.93 _bMAR 1962 |
||
| 100 | _aMarriott, J. W. | ||
| 245 |
_aOne-Act Plays of To-Day / _cJ. W. Marriott, |
||
| 260 |
_aLondon : _bGeorge G. Harrap & Co. Ltd, _c1962 |
||
| 300 |
_a224 p. : _c18 cm. |
||
| 650 | _aEnglish Drama | ||
| 942 |
_2ddc _cBK |
||